书目信息 |
| 题名: |
混凝土与组合结构退化梁非线性有限元
|
|
| 作者: | 向天宇 , 童育强 著 | |
| 分册: | ||
| 出版信息: | 北京 人民交通出版社 2014.08 |
|
| 页数: | 152页 | |
| 开本: | 23cm | |
| 丛书名: | ||
| 单 册: | ||
| 中图分类: | TU323.3 | |
| 科图分类: | ||
| 主题词: | 混凝土结构--hun ning tu jie gou--组合结构--梁--非线性--有限元分析 | |
| 电子资源: | ||
| ISBN: | 978-7-114-11603-2 | |
| 000 | 01257nam0 2200289 450 | |
| 001 | CAL 007415926 | |
| 005 | 20150826165340.70 | |
| 010 | @a978-7-114-11603-2@dCNY25.00 | |
| 100 | @a20141105d2014 em y0chiy50 ea | |
| 101 | 0 | @achi |
| 102 | @aCN@b110000 | |
| 105 | @aa a 000yy | |
| 106 | @ar | |
| 200 | 1 | @a混凝土与组合结构退化梁非线性有限元@Ahun ning tu yu zu he jie gou tui hua liang fei xian xing you xian yuan@f向天宇, 童育强著 |
| 210 | @a北京@c人民交通出版社@d2014.08 | |
| 215 | @a152页@c图@d23cm | |
| 312 | @a英文题名取自封面 | |
| 320 | @a有书目 | |
| 330 | @a本书介绍了退化梁单元在混凝土结构和组合结构的材料非线性分析、双非线性分析以及收缩徐变效应分析中的应用。内容包括退化梁单元基本理论、材料非线性和几何非线性基本理论、非线性有限元分析求解算法以及徐变效应分析理论等。同时, 结合作者多年科研工作, 给出了应用退化梁单元开展的数个大型实际桥梁的非线性分析算例。 | |
| 510 | 1 | @aNonlinear degenerated beam finite element for concrete and composite structures@zeng |
| 586 | @a | |
| 606 | 0 | @a混凝土结构@Ahun ning tu jie gou@x组合结构@x梁@x非线性@x有限元分析 |
| 690 | @aTU323.3@v5 | |
| 701 | 0 | @a向天宇@Axiang tian yu@4著 |
| 701 | 0 | @a童育强@Atong yu qiang@4著 |
| 801 | 0 | @aCN@c20150820 |
| 905 | @a河南城建学院图书馆@dTU323.3@eX278@f3 | |
| 混凝土与组合结构退化梁非线性有限元/向天宇, 童育强著.-北京:人民交通出版社,2014.08 |
| 152页:图;23cm |
| ISBN 978-7-114-11603-2:CNY25.00 |
| 本书介绍了退化梁单元在混凝土结构和组合结构的材料非线性分析、双非线性分析以及收缩徐变效应分析中的应用。内容包括退化梁单元基本理论、材料非线性和几何非线性基本理论、非线性有限元分析求解算法以及徐变效应分析理论等。同时, 结合作者多年科研工作, 给出了应用退化梁单元开展的数个大型实际桥梁的非线性分析算例。 |
| ● |
| 相关链接 |
|
|
|
正题名:混凝土与组合结构退化梁非线性有限元
索取号:TU323.3/X278
 
预约/预借
| 序号 | 登录号 | 条形码 | 馆藏地/架位号 | 状态 | 备注 |
| 1 | 1233436 | 212334366 | 建筑库101/101建筑库 81排3列5层/ [索取号:TU323.3/X278] | 在馆 | |
| 2 | 1233437 | 212334375 | 建筑库101/101建筑库 81排3列5层/ [索取号:TU323.3/X278] | 在馆 | |
| 3 | 1233438 | 212334384 | 建筑库101/101建筑库 81排3列5层/ [索取号:TU323.3/X278] | 在馆 |